000 00707nam a2200241Ia 4500
005 20260429112028.0
008 260429s9999||||xx |||||||||||||| ||und||
020 _a9781783307166
041 _aEnglish
082 _a025
_bKNO
100 _aKnowlton, Steven A.
245 0 _aLibraries without borders :
_bnew directions in library history /
_cSteven A. Knowlton
260 _aUnited Kingdom :
_bFacet Publishing,
_c2024.
300 _axxiii, 191 p.; pbk
650 _a Community services
650 _a Library outreach
650 _a Library services
650 _aLibrary science
700 _a Pozzi, Ellen M.
700 _a Sly, Jordan S.
700 _a Spunaugle, Emily D.
942 _cTB
999 _c51975
_d51975